| 000 | 02124ncm0a2200385 4500 | ||
|---|---|---|---|
| 001 | RU\NLR\ONIZ\215490 | ||
| 005 | 20250626044934.0 | ||
| 010 | _a5-902951-03-8 | ||
| 021 |
_aRU _b07-437 _907-20 |
||
| 035 | _aRU\NLR\ONIZ\Таня\5000003279\20161108134616 | ||
| 035 | _a(NLR Aleph) 011337846 | ||
| 090 |
_a11173513 _c11173513 |
||
| 100 | _a20161108d2007 |||y0rusy50 ca | ||
| 101 | 0 | _arus | |
| 102 | _aRU | ||
| 125 | _azx | ||
| 145 | 0 | _ab | |
| 200 | 1 |
_aДавай пошепчемся с клавишами, малыш _bНоты _eимпровизация на фп. для детей с 3-х лет _eучеб. пособие _fЛ. Пилипенко |
|
| 210 |
_aМосква _cМАЭСТРО _d2007 |
||
| 215 |
_a50, [2] с. _cил. _d29 см |
||
| 300 | _aНа с. [2] : пособие посв. моим любимым детям -Евгении и Юлии | ||
| 313 | _aСистематизация документа проведена по изданию - Методика классифицирования музыкальных произведений (нотных изданий) по таблицам Библиотечно-библиографических классификаций : метод. рекомендации / Гос. б-ка СССР им. В.И. Ленина.- М., 1977. Индексу ББК методических рекомендаций присваивается код ББК для научных библиотек - LBC/SL | ||
| 606 | 1 |
_aДжазовая фортепианная музыка для детей _yРоссия _z20-21 вв. _jНоты _2nlr_sh |
|
| 686 |
_aЩ954.29я44(2Р)Джаз _vLBC/SL _2rubbk |
||
| 700 | 1 |
_9z01790 _aПилипенко _bЛ. В. _gЛариса Васильевна _4070 |
|
| 790 | 1 |
_9z01700 _aPilipenko _bL. V. _gLarisa Vasil'evna _4070 |
|
| 801 | 0 |
_aRU _bNLR _c20161108 _gPSBO |
|
| 801 | 1 |
_aRU _bNLR _c20161108 _2rusmarc |
|
| 801 | 2 |
_aRU _bNLR _c20190630 |
|
| 852 |
_aNLR _bМ _jК-3/24688 _pМОЭ 2007-20/437 _t1 |
||
| 852 |
_aNLR _bМ _jК-3/24688а _pМОЭ 2007-20/437а _t2 |
||
| 942 | _cSCORE | ||
| 980 | _aNB | ||
| 980 | _aONIZ | ||